Statistics for Literature by Letter - U

Click here to take the quiz!

General Stats

  • This quiz has been taken 10,614 times
    (10,595 since last reset)
  • The average score is 12 of 20

Answer Stats

HintAnswer% Correct
Thomas More's idealized worldUtopia
95%
Mythical hero also known as Odysseus; Or, a novel by James JoyceUlysses
93%
Realm ruled by HadesUnderworld
93%
Fairy tale about an unattractive gosling that becomes a beautiful swanUgly Duckling, the
90%
Harriet Beecher Stowe's abolitionist work that was a catalyst to end slavery in the US{Uncle} {Tom}'s Cabin
86%
Greek god of the sky; Namesake of an object in our solar systemUranus
86%
Diactrical mark consisting of two dots on top of a vowel (Ü for example)Umlaut
68%
"Overman" envisioned by German philosopher Friedrich Nietzsche{Uber}mensch
67%
Well-known John Keats poemOde on a Grecian {Urn}
66%
Last name of wicked Hogwarts headmaster DoloresUmbridge
62%
First name of female science fiction author Le GuinUrsula
53%
Poe story about a weathly, imbred familyFall of the House of {Usher}
51%
Milan Kundera novel set in Prague{Unbearable} Lightness of
Being, the
49%
A narrator whose perspective cannot be trusted{Unreliable} narrator
45%
Mr. Heep of the novel "David Copperfield". Famously obsequiousUriah
45%
Stephen King novel (and TV show) about a town sealed under a force fieldUnder the Dome
42%
Term for a fictional, rare, costly, or impossible material used as a plot device{Unobtain}ium
35%
First name of King Arthur's fatherUther
33%
He created Harry "Rabbit" Angstrom, and won multiple Pulitzers doing soJohn Updike
22%
Author of historical fiction such as "Exodus" and "Trinity"Leon Uris
21%

Score Distribution

Percentile by Number Answered

Percent of People with Each Score

Your Score History

You have not taken this quiz since the last reset